| 000 | 01501nam a2200301 a 4500 | ||
|---|---|---|---|
| 001 | 61934 | ||
| 003 | BD-RjUL | ||
| 005 | 20211209081024.0 | ||
| 008 | 170122s2006 bg a s o000 0|eng|| | ||
| 020 |
_a9845086683 _c: Tk. 500.00 Inland |
||
| 035 | _a(BD-RjUL)62059 | ||
| 040 |
_aDLC _cDLC _dDLC _dBD-RjUL _beng |
||
| 041 | 0 | _aengben | |
| 082 |
_223 _a304.6095492021 _bCOM 2006 (CS) |
||
| 110 |
_aBangladesh Bureau of Statistics. _9179266 |
||
| 245 | 1 | 0 |
_aBangladesh population census-2001 = বাংলাদেশ আদমশুমারি-২০০১ : _bCommunity series, Zila: Comilla = কমিউনিটি সিরিজ, জেলা: কুমিল্লা / _cBangladesh Bureau of Statistics. |
| 246 |
_aবাংলাদেশ আদমশুমারি-২০০১ : _bকমিউনিটি সিরিজ, জেলা : কুমিল্লা |
||
| 260 |
_aDhaka : _bBangladesh Bureau of Statistics, _c2006 |
||
| 300 |
_axiv, 653 p. : _bill. ; _c28 cm. |
||
| 490 | _aCommunity series, Zila: Comilla | ||
| 490 | _aকমিউনিটি সিরিজ, জেলা: কুমিল্লা | ||
| 500 | _aPrefatory matter in Bengali and English. | ||
| 651 |
_aBangladesh _zComilla _vcensus, 2001 _9184029 |
||
| 651 |
_aBangladesh _zComilla _xPopulation _vStatistics. _9180136 _y2001 |
||
| 830 |
_aCommunity series, Zila: Comilla _9185344 |
||
| 830 |
_aকমিউনিটি সিরিজ, জেলা: কুমিল্লা _9180044 |
||
| 942 |
_2ddc _cRAR |
||
| 999 |
_c61934 _d61934 |
||